5HLuxD.jpg

KING HENRY VIII SENIOR AND PRIMARY SCHOOL LIBRARY OPAC

The Zahir / (Record no. 5569)

000 -LEADER
fixed length control field 01565nam a22002057a 4500
003 - CONTROL NUMBER IDENTIFIER
control field OSt
005 - DATE AND TIME OF LATEST TRANSACTION
control field 20251003093105.0
008 - FIXED-LENGTH DATA ELEMENTS--GENERAL INFORMATION
fixed length control field 251003b ||||| |||| 00| 0 eng d
020 ## - INTERNATIONAL STANDARD BOOK NUMBER
International Standard Book Number 9780007204311
040 ## - CATALOGING SOURCE
Transcribing agency KH8
082 ## - DEWEY DECIMAL CLASSIFICATION NUMBER
Classification number FIC COE
100 ## - MAIN ENTRY--PERSONAL NAME
Personal name Coelho, Paulo,
Relator term author.
245 ## - TITLE STATEMENT
Title The Zahir /
Statement of responsibility, etc. Paulo Coelho.
260 ## - PUBLICATION, DISTRIBUTION, ETC.
Place of publication, distribution, etc. London ;
Name of publisher, distributor, etc. Harper Collins Publishers ,
Date of publication, distribution, etc. 2005.
300 ## - PHYSICAL DESCRIPTION
Extent 339 pages :
Dimensions 22 cm.
520 ## - SUMMARY, ETC.
Summary, etc. The Zahir, Paulo Coelho's new novel, is a perfect follow-on to The Alchemist. Paulo picks up the theme of the pilgrimage to Santiago but tells a very different, gripping story of love, loss and passionate obsession. The protagonist of this new novel is a renowned author who writes about spirituality and once went on pilgrimage along the road to Santiago. On a return visit, he is suddenly abandoned by his wife, who leaves no trace of herself behind. As the story unfolds the author becomes obsessed with understanding the reason for her desertion. The title comes from a tale by Jorge Luis Borges, published in his book The Aleph. In Arabic Zahir means 'visible, present and unable to go unnoticed.' It refers to something or someone that ends up being the only thing we can think of. This state of 'possession' can be understood as saintliness or insanity, with a fine line between the two. The novel is also full of comments on what it is to be rich and famous, on the meaning of money, on what motivates a writer and on the nature of marriage.
650 ## - SUBJECT ADDED ENTRY--TOPICAL TERM
Topical term or geographic name entry element Romance
Form subdivision fiction
650 ## - SUBJECT ADDED ENTRY--TOPICAL TERM
Topical term or geographic name entry element Love story
Form subdivision fiction
942 ## - ADDED ENTRY ELEMENTS (KOHA)
Source of classification or shelving scheme
Koha item type Books - Fiction
Holdings
Withdrawn status Lost status Source of classification or shelving scheme Damaged status Not for loan Collection code Permanent Location Current Location Shelving location Date acquired Full call number Barcode Date last seen Copy number Price effective from Koha item type
          Fiction KH8 Senior School Library KH8 Senior School Library Fiction 2025-10-03 FIC COE 3KHSL000102443 2025-10-03 Donation Book 2025-10-03 Books - Fiction

Powered By KH8 IT Dept